000 00769nam a2200265 a 4500
008
020 _a1853339377 (pbk. )
049 _aMAIN
090 _aHG4515.3 INV
100 _aAdams,Andrew.
245 0 0 _aInvestment mathematics and statistics /
_cAndrew T. Adams ... [et al.]
260 _aLondon :
_bKluwer Academic,
_c1993.
300 _avi, 410 p. ;
_c24 cm.
504 _aIncludes bibliographical references.
500 _aIncludes index.
650 0 _aInvestments
_xMathematics.
700 _aEngland,Peter.
700 _aBooth,Philip.
700 _aBloomfield,Della.
907 _a.b10101767
_b31-07-09
_c06-12-03
003
005 20230123133744.0
040 _cNUST
942 _cBOOKS
_kHG4515.3 INV
999 _c154071
_d154071